Hashim Shah (Record no. 321603)

000 -LEADER
fixed length control field 00311 a2200133 4500
001 - CONTROL NUMBER
control field 86530
003 - CONTROL NUMBER IDENTIFIER
control field NUST
005 - DATE AND TIME OF LATEST TRANSACTION
control field 20180123095715.0
008 - FIXED-LENGTH DATA ELEMENTS--GENERAL INFORMATION
fixed length control field 180123b xxu||||| |||| 00| 0 eng d
082 ## - DEWEY DECIMAL CLASSIFICATION NUMBER
Classification number 398.205491TAN
100 ## - MAIN ENTRY--PERSONAL NAME
Personal name Shafqat Tanveer Mirza
9 (RLIN) 9550
245 ## - TITLE STATEMENT
Title Hashim Shah
Medium Urdu
260 ## - PUBLICATION, DISTRIBUTION, ETC.
Place of publication, distribution, etc. Islamabad
Name of publisher, distributor, etc. Lok Virsa
Date of publication, distribution, etc. 2011
300 ## - PHYSICAL DESCRIPTION
Extent 214p.
500 ## - GENERAL NOTE
General note Lok Virsa
942 ## - ADDED ENTRY ELEMENTS (KOHA)
Institution code [OBSOLETE] CAENUST
Koha item type Book
Call number prefix 398.205491TAN
Source of classification or shelving scheme
Holdings
Withdrawn status Lost status Damaged status Not for loan Collection code Permanent Location Current Location Date acquired Total Checkouts Full call number Barcode Date last seen Price effective from Koha item type
          College of Aeronautical Engineering (CAE) College of Aeronautical Engineering (CAE) 04/03/2017   398.205491TAN CAE85470 04/05/2017 04/05/2017 Book
© 2023 Central Library, National University of Sciences and Technology. All Rights Reserved.